| 000 | 00356nam a2200157Ia 4500 | ||
|---|---|---|---|
| 003 | OSt | ||
| 008 | 191201s2008 xx 000 0 und d | ||
| 082 |
_a621.381 _bSHE |
||
| 100 | _aSHARMA, Sanjay | ||
| 245 | 0 | _aElectronic engineering | |
| 250 | _a8th | ||
| 260 |
_aNew Delhi _bS.K.Kataria _c2008 |
||
| 300 | _a610 | ||
| 650 | _aB.Tech(ECE) | ||
| 942 |
_2ddc _cBK |
||
| 999 |
_c662 _d662 |
||